Welcome to CU Library Online Public Access Catalogue (OPAC)

STUDIES ON THE ENGLISH NOVEL (Record no. 1681)

MARC details
000 -LEADER
fixed length control field 00374nam a22001457a 4500
005 - DATE AND TIME OF LATEST TRANSACTION
control field 20241128103953.0
008 - FIXED-LENGTH DATA ELEMENTS--GENERAL INFORMATION
fixed length control field 241128b |||||||| |||| 00| 0 eng d
020 ## - INTERNATIONAL STANDARD BOOK NUMBER
International Standard Book Number 9781482311
050 ## - LIBRARY OF CONGRESS CALL NUMBER
Classification number PN3365
Item number PAZ
100 ## - MAIN ENTRY--PERSONAL NAME
Personal name PALMAER, EUSTACE
245 ## - TITLE STATEMENT
Title STUDIES ON THE ENGLISH NOVEL
260 ## - PUBLICATION, DISTRIBUTION, ETC.
Place of publication, distribution, etc. IBADAN
Name of publisher, distributor, etc. AFRICAN UNIVERSITIES PRESS
Date of publication, distribution, etc. c1986
300 ## - PHYSICAL DESCRIPTION
Extent 305p
942 ## - ADDED ENTRY ELEMENTS (KOHA)
Source of classification or shelving scheme Library of Congress Classification
Koha item type Books
Suppress in OPAC No
999 ## -
-- 1681
-- 1681
Holdings
Withdrawn status Lost status Source of classification or shelving scheme Damaged status Not for loan Collection Home library Current library Shelving location Date acquired Total checkouts Full call number Barcode Date last seen Copy number Price effective from Koha item type
    Library of Congress Classification     Fiction Undergraduate Library (Christ Temple) Undergraduate Library (Christ Temple) Fiction 11/28/2024   PN3365 PAL ulct00000401 11/28/2024 1 11/28/2024 Books
© 2023-2024 Copyright: Central University Libraries. All Rights Reserved | Created by: Mahone Tech Office